Top 100 American Cities by Population - Statistics

General Stats
  • This quiz has been taken 95 times
  • The average score is 66 of 100
Answers on the Map
Answers color-coded by a green-red scale on the quiz's map according to % correct below.
 
Answer Stats
Answer % Correct
Dallas/Fort Worth
99%
Los Angeles
99%
Miami
99%
Seattle
99%
Chicago
98%
New York City
98%
Las Vegas
96%
Phoenix
96%
San Francisco
96%
Atlanta
95%
Philadelphia
95%
Boston
94%
Denver
94%
Detroit
94%
Houston
94%
Salt Lake City
94%
Portland
93%
Washington D.C.
93%
Austin
92%
Kansas City
91%
Orlando
91%
Tampa
91%
Honolulu
89%
New Orleans
89%
Oklahoma City
89%
Sacramento
89%
San Diego
89%
Baltimore
87%
Nashville
87%
Pittsburgh
86%
Cleveland
85%
Indianapolis
85%
Minneapolis
85%
Jacksonville
84%
St. Louis
84%
Charlotte
82%
Columbus
82%
Buffalo
81%
San Antonio
81%
San Jose
81%
El Paso
79%
Milwaukee
79%
Albuquerque
78%
Cincinnati
78%
Little Rock
78%
Raleigh
78%
Baton Rouge
76%
Memphis
75%
Richmond
75%
Albany
73%
Des Moines
73%
Louisville
73%
Tucson
73%
Tulsa
73%
Reno
72%
Omaha
69%
Springfield
69%
Birmingham
68%
Providence
67%
Charleston/North Charleston
65%
Madison
64%
Colorado Springs
62%
Columbia
62%
Hartford
62%
Virginia Beach
62%
Wichita
61%
Knoxville
59%
Toledo
58%
Fresno
56%
Harrisburg
52%
New Haven
52%
Rochester
51%
Riverside/San Bernardino
49%
Grand Rapids
48%
Bakersfield
47%
Akron
45%
Dayton
45%
Provo/Orem
40%
Allentown
38%
Bridgeport/Stamford
36%
Worcester
34%
Cape Coral
32%
Daytona Beach/Port Orange
32%
Fayetteville/Springdale
32%
Winston/Salem
29%
McAllen
28%
Ogden/Layton
28%
Sarasota/Bradenton
26%
Greenville
25%
Palm Bay/Melbourne
25%
Lancaster/Palmdale
21%
Lancaster
19%
Port St. Lucie
19%
Concord
15%
Poughkeepsie/Newburgh
13%
Kissimmee
9%
Victorville/Hesperia/Apple Valley
9%
Temecula/Murrieta
7%
The Woodlands
5%
Mission Viejo
2%
No matching quizzes found
Score Distribution
Percent of People with Each Score
Percentile by Number Answered
Your Score History
You have not taken this quiz